The wisdom bridge : Nine principles to a life that echoes in the heart of your loved ones / (Record no. 27415)

000 -LEADER
fixed length control field 00564nam a2200169 4500
008 - FIXED-LENGTH DATA ELEMENTS--GENERAL INFORMATION
fixed length control field 240718b ||||| |||| 00| 0 eng d
020 ## - INTERNATIONAL STANDARD BOOK NUMBER
International Standard Book Number 9780143459064
Terms of availability Rs399.00
041 0# - LANGUAGE CODE
Language code of text/sound track or separate title eng
082 00 - DEWEY DECIMAL CLASSIFICATION NUMBER
Classification number 370.112
Item number P2952
100 ## - MAIN ENTRY--PERSONAL NAME
9 (RLIN) 5649
Personal name Patel, Daaji Kamlesh D.
245 10 - TITLE STATEMENT
Title The wisdom bridge : Nine principles to a life that echoes in the heart of your loved ones /
260 ## - PUBLICATION, DISTRIBUTION, ETC. (IMPRINT)
Place of publication, distribution, etc Haryana :
Name of publisher, distributor, etc Penguin Random House India,
Date of publication, distribution, etc 2022.
300 ## - PHYSICAL DESCRIPTION
Extent xx, 315 p. ;
Dimensions 20 cm
365 ## - TRADE PRICE
Price type code INR
Price amount 399.00
650 #0 - SUBJECT ADDED ENTRY--TOPICAL TERM
Topical term or geographic name as entry element Humanistic education
942 ## - ADDED ENTRY ELEMENTS (KOHA)
Source of classification or shelving scheme
Item type Books
Holdings
Withdrawn status Lost status Source of classification or shelving scheme Damaged status Not for loan Permanent location Current location Date acquired Source of acquisition Full call number Barcode Date last seen Koha item type
          IMU Kolkata IMU Kolkata 2024-06-25 Donated by Rear Admiral (Dr.) P J Rangachari (Retd.), Director IMU-KC 370.112 P2952 G01289 2024-07-18 Books
Designed and Maintained by IMU-KC Library, Kolkata Campus © Copyright All Rights Reserved

webs counters

Powered by Koha